| 000 | 00527nam a22002057a 4500 | ||
|---|---|---|---|
| 003 | OSt | ||
| 005 | 20140310184339.0 | ||
| 008 | 121113t xxu||||| |||| 00| 0 eng d | ||
| 020 | _a0439107989 | ||
| 050 |
_aPZ 7 _b.M821m1 1999 |
||
| 100 |
_aMoore, Eva _95228 |
||
| 245 |
_aThe truth about bats / _cEva Moore. |
||
| 260 |
_aNew York, NY : _bScholastic Inc., _c1999 |
||
| 300 |
_g19 cm. _a68 p. : _bill. ; |
||
| 521 | _aG4 | ||
| 526 | _c600 | ||
| 650 |
_abats _xjuvenile _924360 |
||
| 942 |
_2lcc _cBK-SCHOLAS |
||
| 999 |
_c33790 _d33790 |
||